Вып. 5; Маркшейдерское дело и геодезия

Bibliographische Detailangaben
Parent link:Маркшейдерское дело и геодезия: межвузовский сборник/ Ленинградский горный институт им. Г. В. Плеханова (ЛГИ). Вып. 5.— , 1974-1978
Weitere Verfasser: Коробков С. А. (редактор)
Sprache:Russisch
Veröffentlicht: 1978
Schlagworte:
Format: MixedMaterials Buch
KOHA link:https://koha.lib.tpu.ru/cgi-bin/koha/opac-detail.pl?biblionumber=326114

MARC

LEADER 00000nam2a2200000 4500
001 326114
005 20231102003829.0
035 |a (RuTPU)RU\TPU\book\351749 
090 |a 326114 
100 |a 20161219d1978 k y0rusy5003 ca 
101 0 |a rus 
102 |a RU 
105 |a a z 001zy 
200 0 |a Вып. 5  |f науч. ред. С. А. Коробков 
210 |d 1978 
215 |d 26 см.  |a 127 с.  |c ил. 
320 |a Библиография в конце статей 
461 1 |0 (RuTPU)RU\TPU\book\336602  |t Маркшейдерское дело и геодезия  |o межвузовский сборник  |f Ленинградский горный институт им. Г. В. Плеханова (ЛГИ)  |v Вып. 5  |d 1974-1978 
606 1 |a Маркшейдерское дело  |2 stltpush  |3 (RuTPU)RU\TPU\subj\41067  |9 60885 
606 1 |a Геодезия  |2 stltpush  |3 (RuTPU)RU\TPU\subj\6015  |9 33982 
610 1 |a горные породы 
610 1 |a сдвижение 
610 1 |a земная поверхность 
610 1 |a подземные разработки 
610 1 |a месторождения полезных ископаемых 
610 1 |a геометризация 
610 1 |a маркшейдерские измерения 
610 1 |a геодезические измерения 
610 1 |a маркшейдерско-геодезические инструменты 
610 1 |a топографические планы 
610 1 |a топографические карты 
610 1 |a маркшейдерские службы 
675 |a 622.1  |z rus  |v 4 
675 |a 528  |z rus  |v 4 
702 1 |a Коробков  |b С. А.  |4 340 
801 0 |a RU  |b RuMRKP  |c 19950704  |g psbo 
801 1 |a RU  |b 63413507  |c 20161219 
801 2 |a RU  |b 63413507  |c 20171214  |g RCR 
942 |c BK